| 000 | 00564nam a2200169 4500 | ||
|---|---|---|---|
| 001 | 121811 | ||
| 003 | ES-MaACL | ||
| 005 | 20230906191830.0 | ||
| 007 | t| | ||
| 008 | 070214s1972 sp r ||||1| spa d | ||
| 100 | 1 |
_aPortuondo, Juan A. _993303 |
|
| 245 | 1 | 0 |
_aPsicoterapia de grupo y psicodrama / _cpor Juan A. Portuondo. |
| 260 |
_aMadrid : _bInstituto Nacional de PsicologĂa Aplicada y Psicotecnia, _c1972. |
||
| 300 |
_a117 p. ; _c24 cm. |
||
| 710 | 2 |
_aInstituto Nacional de PsicologĂa Aplicada y Psicotecnia. _95182 |
|
| 852 |
_aES-MaACL _jC-44466 _bR.83391 |
||
| 999 |
_c121811 _d121811 |
||